| 000 | 00792aam a22002414a 4500 | ||
|---|---|---|---|
| 001 | 12500498 | ||
| 005 | 20251030084613.0 | ||
| 008 | 010813s2002 moua b 001 0 eng | ||
| 020 |
_a0323012876 _qalk. paper |
||
| 020 |
_a9780323012874 _q(alk. paper) |
||
| 050 | 0 | 0 |
_aRT81.5 _b.N8665 2002 |
| 082 | 0 | 0 |
_a610.73/07/2 _221 |
| 245 | 0 | 0 |
_aNursing research : _bmethods, critical appraisal, and utilization / _c[edited by] Geri LoBiondo-Wood, Judith Haber. |
| 250 | _a5th ed. | ||
| 260 |
_aSt. Louis, Mo. : _bMosby, _cc2002. |
||
| 300 |
_axx, 520 p. : _bill. ; _c24 cm. |
||
| 500 | _a"New! On-line interactive study guide"--Cover. | ||
| 650 | 0 |
_aNursing _xResearch. |
|
| 650 | 1 | 2 | _aNursing Research. |
| 700 | 1 | _aLoBiondo-Wood, Geri. | |
| 700 | 1 | _aHaber, Judith. | |
| 942 |
_2lcc _cBK _e5th ed. _n0 |
||
| 999 |
_c7918 _d7918 |
||